| 000 | 00597cab a2200181 4500 | ||
|---|---|---|---|
| 001 | WB2517-24 | ||
| 008 | 090401t1989 xxu||||| |||| 00| 0 eng d | ||
| 035 | _a(Sirsi) u24186 | ||
| 041 | _aeng | ||
| 245 | _aGeographic information systems | ||
| 260 | _c1989 | ||
| 350 | _a0 | ||
| 490 |
_aDaily Telegraph _v1/5/89 p18 (2) |
||
| 520 | _aExamines the potential use of geographic information systems in providing data on the weather, utilities , social status of people, geology and geography. Illustrates with diagram. | ||
| 690 | _aPRACTICE AND TECHNIQUES | ||
| 942 | _n0 | ||
| 948 | _c04/03/1997 | ||
| 999 |
_c16206 _d16206 |
||